Najpopularniejsze rodzaje makaronów - Statystyki

Ogólne statystyki
  • Ten quiz został rozwiązany 82 razy
  • Średni wynik to 3 z 8
Statystyki odpowiedzi
Podpowiedź Odpowiedź % Poprawnych
Długi makaron nitki Spaghetti
89%
Makaron rurki Penne
65%
Cienkie prostokątne płaty Lasagne
39%
Makaron wstążki Tagliatelle
28%
Makaron świderki Fusilli
20%
Szeroki makaron wstążki Pappardelle
9%
Duży makaron rurki Rigatoni
9%
Makaron muszle Conchiglioni
4%
Nie znaleziono quizów pasujących do podanych kryteriów
Rozkład punktacji
Procent ludzi z każdym wynikiem
Percentyl według liczby udzielonych odpowiedzi
Twoja historia wyników
Nie rozwiązałeś tego quizu